000 00632nam a2200277Ia 4500
008 210210b1876 xxu||||| |||| 00| 0 eng d
041 _aeng
082 _a230/111
100 _aNEWMAN (John H)
245 _aCertain difficulties felt by Anglicans in catholic teaching Vol.2
260 _aLondon
_bNot Mentioned
_c1876
300 _a378
440 _a2
650 _aVol.2
650 _ateaching
650 _ain
650 _afelt
650 _aEd.5
650 _adifficulties
650 _aCertain
650 _acatholic
650 _aby
650 _aAnglicans
690 _aChristianity
906 _a001347
999 _c116478
_d116478